[Event "2019 Australian Open"]
[Site "chess24.com"]
[Date "2018.12.27"]
[Round "1"]
[White "Tan, Justin"]
[Black "Carroll, Peter"]
[Result "1-0"]
[WhiteElo "2502"]
[BlackElo "1852"]

1.Nf3 Nf6 2.g3 g6 3.b3 Bg7 4.Bb2 O-O 5.Bg2 d5 6.c4 c6 7.O-O Bf5 8.d3 Qd7 9.Re1
Re8 10.Nbd2 Bh3 11.Bh1 Nh5 12.Bxg7 Nxg7 13.d4 Na6 14.e4 dxc4 15.Nxc4 Rad8
16.Qc2 {_MARK:DIAGRAM_} f5?? {It's rarely a good idea to give yourself "airy
King" during the middle game.  See if you can find Justin's winning reply.}
17.Nce5 Qc8 18.Qc4+ Kh8 19.Nf7+ Kg8 20.Nh6+ Kh8 21.Qg8+ Rxg8 22.Nf7# 1-0

[Event "2019 Australian Open"]
[Date "2018.12.27"]
[Round "1.12"]
[White "Goldenberg, Igor"]
[Black "Au, Alex"]
[Result "1-0"]
[WhiteElo "2358"]
[BlackElo "1789"]

1.Nf3 d5 2.d4 Nf6 3.c4 c6 4.Nc3 e6 5.Bg5 Nbd7 6.e3 Qa5 7.Nd2 dxc4 8.Bxf6 Nxf6
9.Nxc4 Qg5 10.g3 h5 11.h4 Qf5 12.Bg2 Ng4 13.O-O {_MARK:DIAGRAM_} b5?? {A bad
case of not checking your move before you play it.} 14.Bxc6+ Bd7 15.Bxa8 bxc4
16.Qf3 g5 17.Qxf5 exf5 18.f3 gxh4 19.fxg4 hxg4 20.gxh4 Rxh4 21.Nd5 Kd8 22.Nf4
{A typical example of a chess game where one player thinks that chess is all
about attacking rather than developing your pieces and building up your
position.} {#r} 1-0

[Event "2019 Australian Open"]
[Site "Melbourne "]
[Date "2018.12.27"]
[Round "1.1"]
[White "Van Riel, Bas"]
[Black "Smirnov, Anton"]
[Result "0-1"]
[WhiteElo "1862"]
[BlackElo "2553"]

1.d4 d5 2.Nf3 Nf6 3.c4 c6 4.Nc3 e6 5.Bf4 dxc4 6.a4 Bb4 7.Qc2 b5 8.axb5 cxb5
9.Bxb8 Rxb8 10.Rxa7 O-O 11.e3 {Perhaps missing Anton's sneaky reply.
_MARK:DIAGRAM_} Ba5 {Backwards moves are always hard to see ... now the rook
is trapped.} 12.Ne5 Qb6 {_MARK:DIAGRAM_} 13.Rxa5 Qxa5 14.Be2 {If 14.Nc6 then
14...Qa1+ hangs on to the extra material.} Bb7 15.O-O Rfc8 16.Rc1 b4 17.Qa4
Ra8 18.Qxa5 Rxa5 19.Nd1 Ba6 20.f3 Nd5 {It looks like Anton may have given the
"c" pawn back, but ... _MARK:DIAGRAM_} 21.Nxc4 Bxc4 22.Bxc4 b3! {A clever move
preventing White from saving his B with b3.} 23.e4 Nb6 24.Ne3 Ra4 {#R} 0-1

[Event "2019 Australian Open"]
[Date "2018.12.27"]
[Round "1.26"]
[White "Jordan, Bill"]
[Black "Zillmann, Shawn"]
[Result "1-0"]
[WhiteElo "2181"]
[BlackElo "1704"]

1.Nf3 Nf6 2.c4 g6 3.Nc3 Bg7 4.d4 O-O 5.Bg5 h6 6.Bh4 d6 7.e3 Nbd7 8.Be2 e5
9.Qc2 c6 10.h3 Re8 11.O-O Qc7? {The queen was better placed on e7 ...then f8.}
12.Bg3 Nh5 13.Bh2 f5 14.g4 Nhf6 15.gxf5 gxf5 {_MARK:DIAGRAM_} 16.c5
{Undermining Black's pawn chain and exploiting the Q being on c7.} dxc5
17.dxe5 Nd5 18.Qxf5 Nxe5 19.Qh5 Qf7 20.Nxe5 Bxe5 21.Qxf7+ Kxf7 22.Bh5+ Kf8
23.Bxe8 Bxh2+ 24.Kxh2 Kxe8 25.Ne4 b6 26.Rg1 Kf7 27.Nd6+ Kf6 28.Rg8 Bb7 29.Rag1
Rxg8 30.Rxg8 Ne7 31.Rf8+ {#r} 1-0

[Event "2019 Australian Open"]
[Site "Melbourne"]
[Date "2018.12.27"]
[Round "1.37"]
[White "Voon, Richard"]
[Black "Lakner, Jay"]
[Result "0-1"]
[WhiteElo "1641"]
[BlackElo "2066"]

1.d4 f5 2.c4 g6 3.Nc3 Nf6 4.Nf3 Bg7 5.g3 O-O 6.Bg2 d6 7.O-O Nc6 8.e4? Nxe4
9.Re1 Nxc3 10.bxc3 e5 11.dxe5 dxe5 12.Ba3 Qxd1 13.Raxd1 Re8 14.Rd5 e4 15.Nd4
Nxd4 16.cxd4 {_MARK:DIAGRAM_} c6 17.Re5 Bxe5 18.dxe5 Rxe5 19.Bd6 Ra5 20.Re2
Be6 21.Rc2 Rd8 22.Bb4 Rd1+ 23.Bf1 f4 24.h4 Ra4 25.Rd2 Rxf1+ 26.Kxf1 Rxb4
27.gxf4 Bg4 28.Rc2 Kf7 29.Kg2 Ke7 30.Kg3 h5 31.c5 Rb1 32.Rd2 Rc1 33.Rb2 Rc3+
34.Kg2 Bh3+ 35.Kh2 Bc8 36.Rb4 Rxc5 37.Rxe4+ Kf7 38.Re2 b5 39.Rd2 a5 40.f3 Bf5
{#R} 0-1

[Event "2019 Australian Open"]
[Site "chess24.com"]
[Date "2018.12.27"]
[Round "1"]
[White "Crowley, Regan"]
[Black "Liu, Xiangyi"]
[Result "0-1"]
[WhiteElo "1838"]
[BlackElo "2439"]

1.d4 Nf6 2.c4 g6 3.Nc3 d5 4.cxd5 Nxd5 5.e4 Nxc3 6.bxc3 Bg7 7.Bc4 c5 8.Ne2 O-O
9.O-O Nd7 10.Be3 Qc7 11.Bd3 Rb8 12.a4 e5 13.d5 Nf6 14.f3 Ne8 15.c4 Nd6 16.Nc3
a6 17.a5 Bd7 18.Na4 Bxa4 19.Qxa4 f5 20.Qa3 Rbc8 21.Rfb1 f4 22.Bf2 g5 23.Rb6
Rf6 24.Rab1 h5 25.Kf1 g4 26.Ke2 Rg6 27.Qc3 Qd7 28.Rg1 h4 {#R} 0-1

[Event "2019 Australian Open"]
[Site "chess24.com"]
[Date "2018.12.27"]
[Round "1.3"]
[White "Wan, Dennis"]
[Black "Cheng, Bobby"]
[Result "0-1"]
[WhiteElo "1853"]
[BlackElo "2510"]

1.e4 g6 2.d4 Bg7 3.Nf3 d6 4.c4 Nf6 5.Nc3 O-O 6.Be2 e5 7.d5 a5 8.a3 Nbd7 9.O-O
Nc5 10.Bg5 a4 11.Nd2 Bd7 {_MARK:DIAGRAM_} 12.b4? {This is a positional
disaster.} axb3 13.Nxb3 Na4 14.Nxa4 Bxa4 {Now White just has a weak "a" pawn,
a weak "c" pawn and a weak square on c5... all because he played b4.} 15.Qd3
b6 16.Rae1 h6 17.Bxf6 Qxf6 18.Na1 Qe7 19.Qg3 Qe8 20.Bd3 f5 21.f4 exf4 22.Qxf4
g5 23.Qf3 Bc3 24.Rb1 f4 {Black is totally dominating the black squares.
_MARK:DIAGRAM_} 25.h4 {Now is not the time to attack ...25.h3 was more
prudent.} Bd7 26.hxg5 Bd4+ 27.Kh1 hxg5 28.g4 fxg3 29.Qxf8+ Qxf8 30.Rxf8+ Rxf8
31.Kg2 Be5 32.Nc2 Rf2+ 33.Kg1 Rd2 34.Ne1 Bd4+ {and it's mate in a few moves.}
{#R} 0-1

[Event "2019 Australian Open"]
[Site "chess24.com"]
[Date "2018.12.27"]
[Round "1"]
[White "Lim, Cassandra"]
[Black "Izzat, Kanan"]
[Result "0-1"]
[WhiteElo "1843"]
[BlackElo "2496"]

1.d4 Nf6 2.c4 e6 3.Nc3 Bb4 4.e3 O-O 5.Ne2 c6 6.a3 Ba5 7.Ng3 d5 8.Bd3 Nbd7
9.O-O e5 10.cxd5 cxd5 11.Bc2 Re8 12.Bb3 Bxc3 13.bxc3 b6 14.Bb2 Ba6 15.Re1 Rc8
16.Rc1 Bc4 17.f3 e4 18.Bc2 Nf8 19.Ra1 Ng6 20.fxe4 dxe4 21.Qb1 Qd5 {Black is
dominating with his space advantage and his control of the weak c4 square.}
22.Bd1 Qg5 23.Qc2 Nh4 24.Qf2 Nd5 25.Rc1 Rc6 26.Nf1? {26.Rb1 was better than
removing the N from it's key defensive post.} Rg6 27.g3? {White should have
swallowed his pride and put the N back on g3.} Rf6 28.Qd2 Ree6 29.Rb1 Rf5
30.Qc1 Ref6 {It's lovely to see how a strong player uses all his pieces and
places them on good squares for a decisive attack. _MARK:DIAGRAM_} 31.Nd2?? {A
final blunder but even after 31.Bc2 Black still mates in 8 moves.} Qxe3+! {#R}
0-1

[Event "2019 Australian Open"]
[Date "2018.12.27"]
[Round "1.14"]
[White "Chow, Sam"]
[Black "Stewart, Scott"]
[Result "1-0"]
[WhiteElo "2331"]
[BlackElo "1778"]

1.d4 Nf6 2.c4 g6 3.Nc3 Bg7 4.g3 d6 5.Bg2 O-O 6.e3 c6 7.Nge2 Qa5 8.Qc2 a6 9.a3
b5 10.b4 Qb6 11.c5 Qc7 12.cxd6 exd6 13.O-O Nbd7 14.a4 Rb8 15.axb5 cxb5 16.e4
Nb6 17.f4 Bb7 18.Qd3 Nc4 19.h3 Rfe8 20.g4 Rbd8 21.g5 Nh5 22.f5 Qb6 23.Kh1 f6
24.fxg6 hxg6 25.gxf6 Nxf6 26.Bg5 Rf8 27.Nf4 {_MARK:DIAGRAM_} Ne5?? 28.dxe5
dxe5 29.Nfd5 {#r} 1-0

[Event "2019 Australian Open"]
[Site "chess24.com"]
[Date "2018.12.27"]
[Round "1.2"]
[White "Kuybokarov, Temur"]
[Black "Chen, Meng Boon Marcus"]
[Result "1-0"]
[WhiteElo "2513"]
[BlackElo "1859"]

1.d4 e6 2.c4 f5 3.g3 Nf6 4.Bg2 c6 5.Nh3 d5 6.O-O Bd6 7.Bf4 Be7 8.Qc2 O-O 9.Nd2
a5 10.Nf3 Ne4 11.Ne5 Nd7 12.f3 Nef6 13.Rad1 Nh5 14.Bc1 Qb6 15.Kh1 Nhf6 16.Nf4
Nxe5 17.dxe5 Ne8 18.cxd5 cxd5 19.e4 Qc7 20.Qxc7 Nxc7 21.exd5 exd5 22.Be3 g5
23.Nh5 Be6 24.f4 Bf7 25.Nf6+ Bxf6 26.exf6 g4 27.Bd4 Nb5 28.Be5 Rad8 29.Rc1 Nd6
30.Rc7 b6 31.Rfc1 Ne4 32.Bd4 b5 33.Bf1 b4 34.Bb5 Nd6 35.Bd7 Be8 36.Bxe8 Nxe8
37.Ra7 Rf7 38.Rxa5 Nxf6 39.Rb5 Ne4 {_MARK:DIAGRAM_} 40.Rxb4? {Allowing Black's
N to get to f3 with counter-play.  40.Rc2 was better.} Nd2 41.a4 Nf3 42.a5 Re7
{Going for counter-play but instead 42...Ra8 gives Black good chances of
drawing.} 43.a6 Re2? {Looks threatening but is easily countered when White's
passed "a" pawn will prove decisive.} 44.Bg1 Ra8 45.Rb7! Nxg1 46.Kxg1 Ree8
47.a7 Rad8 48.Rcc7 d4 49.Rg7+ Kh8 50.Rxh7+ Kg8 51.Rbg7+ Kf8 52.Rd7 Kg8 53.Rxd8
Rxd8 54.Rb7 {#r} 1-0

[Event "2019 Australian Open"]
[Site "chess24.com"]
[Date "2018.12.27"]
[Round "1.9"]
[White "Holt, Stuart"]
[Black "Bjelobrk, Igor"]
[Result "0-1"]
[WhiteElo "1826"]
[BlackElo "2401"]

1.e4 e6 2.d4 d5 3.Nc3 Bb4 4.Ne2 Nc6 5.e5 f6 6.f4 Nh6 7.Ng3 O-O 8.Be2 fxe5
9.dxe5 d4 10.a3 Ba5 11.b4 {_MARK:DIAGRAM_} Nxb4 12.axb4 Bxb4 13.O-O Bxc3
14.Rb1 a5 15.Ba3 Bb4 16.Bxb4 axb4 17.Rxb4 c5 18.Rb5 b6 19.Qb1 Rb8 20.Bd3 Ba6
21.Rb2 c4 22.Ra2 cxd3 23.Rxa6 Ng4 24.Rf3 dxc2 25.Qxc2 Qc8 26.Qd3 Qc1+ 27.Nf1
Rxf4 28.Rh3 h6 29.Rf3 Nxe5 {#R} 0-1

[Event "2019 Australian Open"]
[Site "chess24.com"]
[Date "2018.12.27"]
[Round "1"]
[White "Clarke, Brandon G I"]
[Black "Canfell, Mike J"]
[Result "1-0"]
[WhiteElo "2386"]
[BlackElo "1818"]

1.e4 e5 2.Nf3 Nf6 3.Nxe5 d6 4.Nf3 Nxe4 5.Nc3 Nxc3 6.dxc3 Be7 7.Be3 Nc6 8.Qd2
Be6 9.O-O-O Qd7 10.Kb1 a6 11.h4 h6 12.g3 Rg8 13.Bg2 O-O-O 14.Nd4 Nxd4 15.Qxd4
c5 16.Qd3 Qb5 17.Qxb5 axb5 18.Rhe1 Rd7 19.Bf4 g5 20.hxg5 hxg5 21.Bc1 Rh8
22.Bf1 Bc4 23.Bxc4 bxc4 24.Rd5 Rh2 25.Rf5 f6 26.Rd1 Kc7 27.Be3 Kc6 28.Rfd5 b6
29.b3 Rh7 30.Kb2 Rf7 31.Rf5 cxb3 32.cxb3 Rh7 33.c4 Bd8 34.a4 Rhe7 35.Rh1 Re5
36.Rxe5 dxe5 37.Rh6 Rd6 38.g4 e4 39.Kc2 Bc7 40.Rg6 Re6 41.Bxg5 Be5 42.Be3 Bd4
43.g5 Be5 44.gxf6 Rxf6 45.Rg4 Bd4 46.Rxe4 Bxe3 47.fxe3 Kd6 48.Kd3 Rg6 49.Rh4
Ke5 50.Rh5+ Kd6 51.Kc3 Re6 52.Rh3 Kc6 53.Rg3 Kd6 54.Kd3 Kc6 55.e4 Kd6 56.Ke3
Rf6 57.Rh3 Ke5 58.Rh5+ Kd6 59.e5+ {#r} 1-0

[Event "2019 Australian Open"]
[Site "chess24.com"]
[Date "2018.12.27"]
[Round "1.11"]
[White "Lycett, Garry"]
[Black "Dale, Ari"]
[Result "0-1"]
[WhiteElo "1790"]
[BlackElo "2371"]

1.d4 d5 2.c4 c5 3.e3 e6 4.Nf3 Nc6 5.Nc3 Nf6 6.Bd3 dxc4 7.Bxc4 a6 8.a4 cxd4
9.exd4 Be7 10.O-O Nb4 11.Bf4 Bd7 12.Re1 Rc8 13.Qe2 O-O 14.Bb3 Bc6 15.Rad1 Nbd5
16.Bg5 Nxc3 17.bxc3 h6 18.Bxf6 Bxf6 19.Ne5 Bxe5 20.Qxe5 Qc7 21.f4 Rfd8 22.Re3
Bd5 23.Bc2 f5 24.Rb1 Qxe5 25.dxe5 Bc6 26.Bb3 Kf7 27.Rd1? Rxd1+ 28.Bxd1 Rd8
29.Bb3 Rd2 30.Rg3 Rb2 31.c4 {_MARK:DIAGRAM_} Bxg2 32.Bd1 Bc6 33.Bb3 Rd2 {#R}
0-1

[Event "2019 Australian Open"]
[Date "2018.12.28"]
[Round "1.16"]
[White "Stojic, Dusan"]
[Black "Siva Sankaran, Anup"]
[Result "1-0"]
[WhiteElo "2275"]
[BlackElo "1771"]

1.Nf3 d5 2.g3 Nf6 3.Bg2 c5 4.O-O e6 5.d4 Bd6 6.c4 O-O 7.cxd5 Nxd5 8.e4 Nc7
9.Bg5 Be7 10.Bf4 Nd7 11.Nc3 cxd4 12.Qxd4 Nf6 13.Qxd8 Bxd8 14.Rfd1 Na6 15.Bd6
Re8 16.e5 Nd7 17.Nd4 Bb6 18.Rac1 f6 19.exf6 gxf6 20.Na4 Bxd4 21.Rxd4 e5
22.Bd5+ Kg7 23.Rg4+ Kh6 24.Be4 Rh8 25.f4 Nab8 26.f5 Nc6 {_MARK:DIAGRAM_}
27.Rxc6 bxc6 28.Bb4 Rg8 29.Rxg8 {#r} 1-0

[Event "2019 Australian Open"]
[Date "2018.12.27"]
[Round "1.13"]
[White "Leibert, Xander"]
[Black "Johansen, Darryl"]
[Result "0-1"]
[WhiteElo "1788"]
[BlackElo "2345"]

1.e4 c5 2.Nf3 e6 3.c3 d5 4.exd5 Qxd5 5.d4 Nf6 6.Be2 Nc6 7.O-O Be7 8.Na3 O-O
9.Bc4 Qd8 10.Nc2 Qc7 11.Qe2 b6 12.Bg5 cxd4 13.Ncxd4 Nxd4 14.cxd4 Bb7 15.Rac1
Qd6 16.Rfd1 Nd5 17.Bxe7 Qxe7 18.Rd2 Rad8 19.a3 Qf6 20.Qe5 Nf4 21.Qxf6 gxf6
22.Bb5 Bxf3 23.gxf3 Rd5 24.Bc6 {_MARK:DIAGRAM_} Rc8 25.Kh1 Kf8 26.Rc3 Rd6
27.Bb5 Rcd8 28.Rc4 e5 29.Ba4 Rxd4 30.Rcxd4 Rxd4 31.Rxd4 exd4 32.Kg1 d3 33.Kf1
d2 34.Bc2 Ke7 35.Bb3 Kd6 36.Ba4 b5 37.Bd1 Kc5 38.Bb3 Kd4 39.Bc2 Kc4 40.h4 h6
41.h5 b4 42.axb4 Kxb4 43.Bd1 a5 {#R} 0-1

[Event "2019 Australian Open"]
[Date "2018.12.27"]
[Round "1.17"]
[White "Anshika, Jain"]
[Black "Puccini, Jack"]
[Result "0-1"]
[WhiteElo "1762"]
[BlackElo "2268"]

{A good game by Black.  White is one of those players who tries hard to attack
whereas Black just builds up a nice position and finishes with a clever
tactic.} 1.e4 c5 2.Nc3 a6 3.f4 b5 4.Nf3 Bb7 5.d3 g6 6.Ne2 Bg7 7.c3 e6 8.Ng3
Ne7 9.Be2 O-O 10.O-O f5 11.Be3 Qc7 12.Qd2 d6 13.Rad1 Nbc6 14.Ng5 Qd7 15.h4
Rac8 16.h5 Nd8 17.Kh2 Nf7 18.Rh1 Nxg5 19.fxg5 fxe4 20.Nxe4 Nf5 21.Kg1 Qe7
22.hxg6 hxg6 23.Bf3 d5 {_MARK:DIAGRAM_} 24.Bxc5 Rxc5 25.Nxc5 Qxc5+ 26.d4 Qd6
27.Qe1 e5 28.Bg4 Bc8 29.Bxf5 Rxf5 30.Qh4 exd4 31.Qh7+ Kf8 32.cxd4 Qf4 33.Rh4
Qf2+ 34.Kh1 Rxg5 35.Rh2 Bf5 36.Rg1 Be4 37.Qh3 Rf5 38.Qh4 {_MARK:DIAGRAM_}
Qxg1+! 39.Kxg1 Bxd4+ 40.Qf2 Bxf2+ 41.Kh1 Bg3 {#R} 0-1

[Event "2019 Australian Open"]
[Date "2018.12.27"]
[Round "1.15"]
[White "Nothdurft, John"]
[Black "Ryjanova, Julia"]
[Result "1/2-1/2"]
[WhiteElo "1774"]
[BlackElo "2308"]

1.d4 d5 2.c4 e6 3.Nc3 dxc4 4.e4 a6 5.Bxc4 b5 6.Bb3 c5 7.Be3 cxd4 8.Qxd4 Qxd4
9.Bxd4 Nc6 10.Be3 Nf6 11.f3 Na5 12.Bc2 Nc4 13.Bc1 Bb7 14.a3 Rc8 15.Nge2 Bc5
16.Nd1 Bb6 17.Bd3 Ne5 18.Bb1 Nfd7 19.b4 Nc4 20.Bf4 Ke7 21.Bg3 Rhd8 22.Bf2
Bxf2+ 23.Kxf2 Nde5 24.Ra2 g6 25.Ndc3 Nc6 26.Rd1 Rxd1 27.Nxd1 Rd8 28.Ke1 f5
29.Ndc3 Kf6 30.f4 Nd4 31.Kf2 Nxe2 32.Kxe2 {_MARK:DIAGRAM_} e5 33.g3 exf4
34.gxf4 Rd4 35.exf5 gxf5 36.a4 Nd6 37.Rd2 Rxd2+ 38.Kxd2 Nc4+ 39.Ke1 bxa4
40.Nxa4 Bc6 41.Nc5 Bb5 42.Kf2 Nb6 43.Ba2 Ke7 44.Ne6 {#d} 1/2-1/2

[Event "2019 Australian Open"]
[Date "2018.12.27"]
[Round "1.18"]
[White "Liu, Yi"]
[Black "Lim, Christopher"]
[Result "1/2-1/2"]
[WhiteElo "2255"]
[BlackElo "1757"]

1.d4 d5 2.Nf3 Nf6 3.Bf4 c5 4.e3 Nc6 5.Nbd2 Bf5 6.Bb5 e6 7.Ne5 Qb6 8.a4 Be7
9.g4 Bg6 10.h4 h6 11.Nxg6 fxg6 12.dxc5 Bxc5 13.Nb3 O-O-O 14.Qe2 a6 15.Bxc6
Qxc6 16.Nxc5 Qxc5 17.Ra3 Ne4 18.O-O Qe7 19.f3 Nd6 20.Rc3+ Kb8 21.Qh2 Ka8
22.Rd1 Rhe8 23.Bxd6 Rxd6 24.Qe5 Rd7 25.g5 Qf7 26.Kg2 Qf5 27.Qxf5 gxf5 28.gxh6
gxh6 29.Kg3 Rf7 30.Kf4 e5+ 31.Kg3 Rg7+ 32.Kh2 Reg8 33.Rd2 Rg3 {_MARK:DIAGRAM_}
34.Rc8+ Rxc8 35.Kxg3 Rg8+ 36.Kf2 Rd8 37.c4 d4 38.exd4 exd4 39.Kg3 Ka7 40.a5 b6
41.Kf4 bxa5 42.Kxf5 Kb6 43.Ke6 Kc5 44.Ke7 Rb8 45.f4 Kxc4 46.f5 d3 47.f6
{_MARK:DIAGRAM_} Kd4 48.f7 Ke3 49.Rd1 d2 50.f8=Q Rxf8 51.Kxf8 Ke2 52.Rxd2+
Kxd2 53.h5 Kc2 54.Kg7 Kxb2 55.Kxh6 a4 56.Kg5 a3 57.h6 a2 58.h7 a1=Q 59.h8=Q+
Kb1 60.Qh1+ Kb2 61.Qb7+ Kc2 62.Qe4+ Kb2 63.Qd4+ Kb1 64.Qd1+ Kb2 65.Qd4+ Kb1
{#d} 1/2-1/2

[Event "2019 Australian Open"]
[Date "2018.12.28"]
[Round "2.4"]
[White "Dissanayake, Prasanga"]
[Black "Tan, Justin"]
[Result "0-1"]
[WhiteElo "2033"]
[BlackElo "2502"]

1.e4 e6 2.d4 d5 3.Nd2 h6 4.Ngf3 Nf6 5.Bd3 c5 6.c3 Nc6 7.O-O cxd4 8.cxd4 dxe4
9.Nxe4 Be7 10.Be3 Nd5 11.a3 O-O 12.Ne5 Nxe5 13.dxe5 Nxe3 14.fxe3 Qd5 {White is
positionally lost so he lashes out with a desperate attack. _MARK:DIAGRAM_}
15.Nf6+ gxf6 16.Qg4+ (16.exf6 Bd6 17.Qg4+ Qg5 18.Qe4 Rd8 {and Black is safe.})
16...Kh8 17.exf6 Rg8 18.Be4 {Unfortunately there are no good lines for White.}
Rxg4 19.Bxd5 Bc5 {and Black remains a piece ahead.} {#R} 0-1

[Event "2019 Australian Open"]
[Date "2018.12.28"]
[Round "2.14"]
[White "Low, Sam"]
[Black "Chow, Sam"]
[Result "0-1"]
[WhiteElo "1983"]
[BlackElo "2331"]

1.e4 e6 2.d3 d5 3.Nd2 c5 4.Ngf3 Nc6 5.g3 Bd6 6.Bg2 Nge7 7.O-O O-O 8.Ng5? f6
9.Nh3 Bc7 10.f4 b6 11.Nf2 a5 12.a4 Ba6 13.c4 dxe4 14.dxe4 Nb4 15.Ra3 Nec6
16.Qh5 Nd4 17.Re3 Qe8 18.Qxe8 Rfxe8 19.Rd1 Rad8 20.b3 Nbc2 21.Rd3 Ne2+ 22.Kh1
Rxd3 23.Nxd3 Rd8 24.Bf1 Nc3 {_MARK:DIAGRAM_} {#R} 0-1

[Event "2019 Australian Open"]
[Site "chess24.com"]
[Date "2018.12.27"]
[Round "2.1"]
[White "Smirnov, Anton"]
[Black "Sheldrick, Kevin"]
[Result "1-0"]
[WhiteElo "2553"]
[BlackElo "2033"]

1.e4 g6 2.d4 Bg7 3.Nc3 c6 4.f4 d5 5.e5 h5 6.Nf3 Bg4 7.h3 Bxf3 8.Qxf3 e6 9.g3
Qb6 10.Qf2 Ne7 11.Bd3 Nd7 12.Ne2 c5 13.c3 Rc8 14.O-O c4 15.Bc2 Kd8 {Black
tries to castle by hand (Kc7-b8) but it's one move too slow. _MARK:DIAGRAM_}
16.b3! Qc6 (16...Kc7 17.Ba3) 17.Ba3 b5 18.Rfb1 Nb6 19.Bc5 Nf5 20.a4 {Opening
up the position with Black's King trapped in the centre.} bxa4 21.bxc4 Nxc4
22.Bxa4 Qc7 23.Bb5 Ra8 24.Bxc4 dxc4 25.Qf3 Qc8 26.Rb7 Bf8 27.Bxf8 Rxf8
28.Raxa7 f6 29.Rd7+ Qxd7 30.Qxa8+ {#r} 1-0

[Event "2019 Australian Open"]
[Site "chess24.com"]
[Date "2018.12.27"]
[Round "2.3"]
[White "Cheng, Bobby"]
[Black "Hogg, Dean"]
[Result "1-0"]
[WhiteElo "2510"]
[BlackElo "2026"]

1.b3 d5 2.Bb2 e6 3.g3 Nf6 4.Bg2 Be7 5.Nf3 O-O 6.O-O b6 7.c4 Bb7 8.e3 Nbd7
9.Nc3 dxc4 10.bxc4 Nc5 11.d4 Nce4 12.Ne2 c5 13.Rc1 Qc8 14.Nf4 Rd8 15.Qe2 Nd6
16.Rfd1 Nf5 17.d5 {Look at the difference in the two armies ....White has all
his me developed in good spots and so now starts to break open the position.
_MARK:DIAGRAM_} exd5 18.cxd5 Re8 19.Bh3 Bd6? {This leads to an opening up of
Black's King position.  10...Nxd5 was better.} 20.Bxf6 {or 20.Qc2!} Bxf4
21.Qd3 {Good players don't always take back!} Ba6 22.Qb1 Nxg3 23.Bxc8 Ne2+
24.Kh1 Bxc8 25.exf4 {White has far too much material.} {#r} 1-0

[Event "2019 Australian Open"]
[Site "chess24.com"]
[Date "2018.12.27"]
[Round "2.7"]
[White "Liu, Xiangyi"]
[Black "Jule, Alexandra"]
[Result "1-0"]
[WhiteElo "2439"]
[BlackElo "2003"]

1.e4 e6 2.Nf3 d5 3.e5 c5 4.g3 Nc6 5.Bg2 g5 6.O-O g4 7.Nh4 h5 8.f3 Be7 9.d3
Bxh4 10.gxh4 Nxe5 11.fxg4 {Surely Black is better here ... but it's confusing
and easy not to play the best line. _MARK:DIAGRAM_} Qxh4 (11...hxg4 12.Nc3
Qxh4 13.Bf4 Nf3+ {and Black seems better.}) 12.g5 Qd4+ 13.Kh1 Ng6 14.Nc3 Bd7
15.Qe1 N8e7 16.Be3 Qh4 17.Bxc5 Qxg5 18.Bd4 e5? (18...Rg8 19.Bf6 Qg4 {and White
still has to demonstrate he has something for the pawn.}) 19.Be3 Qg4 20.Nxd5
Nxd5 21.Bxd5 Bc6 22.Bxc6+ bxc6 23.Qf2 Qe6 24.Rae1 Qd5+ 25.Qf3 Qxf3+ 26.Rxf3
O-O? 27.Ref1 {Now Bc5 and Bh6 are threatened.} f6 28.Rxf6 {#r} 1-0

[Event "2019 Australian Open"]
[Site "chess24.com"]
[Date "2018.12.27"]
[Round "2.6"]
[White "Slater-Jones, Tom"]
[Black "Papin, Vasily"]
[Result "0-1"]
[WhiteElo "2017"]
[BlackElo "2483"]

1.d4 d5 2.Nf3 Nf6 3.c4 e6 4.Nc3 c6 5.Bg5 h6 6.Bxf6 Qxf6 7.e3 Nd7 8.g4 g6 9.h4
Bg7 10.Be2 Qe7 11.Qc2 dxc4 12.O-O-O b5 13.e4 e5 {_MARK:DIAGRAM_} 14.dxe5 Nxe5
15.Nxe5 Bxe5 16.Qd2 Qc7 17.Kb1 Be6 18.Rhf1 Bf4 19.Qd4 O-O 20.Nxb5 cxb5 {#R}
0-1

[Event "2019 Australian Open"]
[Site "chess24.com"]
[Date "2018.12.27"]
[Round "2.8"]
[White "Ng, Clive"]
[Black "Ikeda, Junta"]
[Result "0-1"]
[WhiteElo "2012"]
[BlackElo "2421"]

1.e4 c5 2.Nf3 e6 3.d4 cxd4 4.Nxd4 a6 5.Bd3 Bc5 6.Nb3 Be7 7.Qg4 g6 8.Qe2 d6
9.O-O Nd7 10.f4 Qc7 11.c4 Ngf6 12.Nc3 b6 13.Bd2 Bb7 14.Rae1 Rd8 15.Kh1 h5
16.Nd4 Nc5 17.Bc2 h4 18.b4 Ncd7 19.a3 Rc8 20.Bd3 Nh5 21.Nd5 exd5 22.exd5 Ndf6
23.f5 g5 24.Bxg5 Kf8 25.Qe3 Ng8 26.f6 {26.Ne6+ was also strong.} Bxf6
{_MARK:DIAGRAM_} 27.Bg6! Qxc4 28.Bxh5 Rxh5 29.Rxf6?? (29.Bxf6 Qxd5 30.Rf3 {and
the game is unclear.}) 29...Nxf6 30.Qe7+ Kg8 31.Bxf6 Qxd5 32.Qe2 Kh7 33.Qd3+
Kh6 34.h3 {The scoresheet ends here ..... not sure whether White lost on time
or he noticed Black's next move.} {#R} 0-1

[Event "2019 Australian Open"]
[Site "chess24.com"]
[Date "2018.12.27"]
[Round "2.9"]
[White "Bjelobrk, Igor"]
[Black "Tsai, Charles"]
[Result "1-0"]
[WhiteElo "2401"]
[BlackElo "1992"]

1.d4 d5 2.c4 e6 3.Nf3 Nf6 4.g3 dxc4 5.Bg2 Nc6 6.O-O Rb8 7.e3 b5 8.b3 cxb3
9.axb3 a6 10.Qe2 Be7 11.Bd2 O-O 12.Rc1 Bb7 13.Ne1 Nd5 14.Nc3 Ncb4 15.Ne4 Qd7
16.Nc5 Bxc5 17.Rxc5 Nc6 18.Nd3 Rfc8 19.Rac1 f6 20.R5c2 Qd6 21.Nc5 Ba8 22.Ra2
Rb6 23.Be1 Ndb4 24.Raa1 a5 25.Bxb4 Nxb4 26.Rxa5 Bxg2 27.Kxg2 Rcb8 28.Kg1 f5
29.Raa1 Re8 30.f4 Nd5 31.Ra7 Nf6 32.Rca1 Nd7 33.Nd3 {Black is going OK here so
long as he doesn't play.... _MARK:DIAGRAM_} c5?? 34.dxc5 Nxc5 35.Qh5 Rbb8?
36.Qf7+ {#r} 1-0

[Event "2019 Australian Open"]
[Site "chess24.com"]
[Date "2018.12.27"]
[Round "2.11"]
[White "Dale, Ari"]
[Black "Beaumont, David"]
[Result "1-0"]
[WhiteElo "2371"]
[BlackElo "1985"]

1.d4 Nf6 2.c4 g6 3.Nc3 Bg7 4.e4 d6 5.Nf3 O-O 6.Be2 e5 7.Be3 exd4 8.Nxd4 Re8
9.f3 c6 10.Bf2 d5 11.exd5 cxd5 12.O-O dxc4 13.Bxc4 Nc6 14.Ndb5 Be6 15.Bxe6
Rxe6 16.Qxd8+ Rxd8 17.Nxa7 Rd2 18.Nxc6 bxc6 19.a4 Nh5 20.Rfd1 Bxc3 21.bxc3 Rc2
22.Re1 Rxe1+ 23.Bxe1 Nf4 24.a5 {_MARK:DIAGRAM_} Re2 25.a6 Re8 26.a7 Ra8 27.Bf2
Ne2+ 28.Kf1 Nxc3 29.Rc1 Nb5 30.Rxc6 Kg7 31.Rb6 Rxa7 32.Rxb5 Rd7 33.g4 h6
34.Kg2 Kh7 35.h4 Kg7 36.Rc5 Kh7 37.Be1 f6 38.Bc3 Rf7 39.Rc8 {#r} 1-0